000
00290nam a2200109Ia 4500
008
201216s9999 xx 000 0 und d
100
_a
Bishop, R. E. D. and Price, W. G.
245
0
_a
Hydroelasticity of Ships
260
_a
Cambridge
_b
Cambridge University Press
300
_a
423
942
_c
BK
999
_c
6242
_d
6242